Report. (Record no. 85698)

MARC details
000 -LEADER
fixed length control field 01028cam a2200253 4500
001 - CONTROL NUMBER
control field sa 68014325
003 - CONTROL NUMBER IDENTIFIER
control field DLC
005 - DATE AND TIME OF LATEST TRANSACTION
control field 20260227112630.0
008 - FIXED-LENGTH DATA ELEMENTS--GENERAL INFORMATION
fixed length control field 700226s1968 ii b 00000 eng
010 ## - LIBRARY OF CONGRESS CONTROL NUMBER
LC control number sa 68014325
025 ## - OVERSEAS ACQUISITION NUMBER
Overseas acquisition number PL480:I-E-10914
050 0# - LIBRARY OF CONGRESS CALL NUMBER
Classification number HD9526.I62
Item number A545
082 ## - DEWEY DECIMAL CLASSIFICATION NUMBER
Classification number 338.4/7/672
110 10 - MAIN ENTRY--CORPORATE NAME
Corporate name or jurisdiction name as entry element India (Republic).
Subordinate unit Indian Team on the Marketing Prospects in the United States of America for Selected Indian Steel and Engineering Products.
245 00 - TITLE STATEMENT
Title Report.
260 0# - PUBLICATION, DISTRIBUTION, ETC.
Place of publication, distribution, etc. New Delhi,
Name of publisher, distributor, etc. Directorate of Commercial Publicity, Ministry of Commerce, Govt. of India
Date of publication, distribution, etc. [1968]
300 ## - PHYSICAL DESCRIPTION
Extent iii, 66 p.
Other physical details map.
Dimensions 25 cm.
500 ## - GENERAL NOTE
General note Cover title: Marketing prospects in U.S.A. for Indian steel and engineering products, a study report.
650 #0 - SUBJECT ADDED ENTRY--TOPICAL TERM
Topical term or geographic name entry element Steel industry and trade
Geographic subdivision India.
650 #0 - SUBJECT ADDED ENTRY--TOPICAL TERM
Topical term or geographic name entry element Steelwork.
651 #0 - SUBJECT ADDED ENTRY--GEOGRAPHIC NAME
Geographic name India
General subdivision Commerce
Geographic subdivision United States.
651 #0 - SUBJECT ADDED ENTRY--GEOGRAPHIC NAME
Geographic name United States
General subdivision Commerce
Geographic subdivision India.
740 #1 - ADDED ENTRY--UNCONTROLLED RELATED/ANALYTICAL TITLE
Uncontrolled related/analytical title Marketing prospects in U.S.A. for Indian steel and engineering products, a study report.

No items available.

Powered by Koha